Normal view
MARC view
Entry Meeting Name
001 - CONTROL NUMBER
- control field: 7763
003 - CONTROL NUMBER IDENTIFIER
- control field: ARRUPE
005 - DATE AND TIME OF LATEST TRANSACTION
- control field: 20140203140455.0
008 - FIXED-LENGTH DATA ELEMENTS
- fixed length control field: 140203|| aca||aabn | a|a d
040 ## - CATALOGING SOURCE
- Original cataloging agency: ARRUPE
- Transcribing agency: ARRUPE
111 ## - HEADING--MEETING NAME
- Meeting name or jurisdiction name as entry element: Symposium on Medicine, Psychology, and Religion
- Date of meeting: (1983 :
- Location of meeting: Hellenic College)
670 ## - SOURCE DATA FOUND
- Source citation: Work cat.: (ARRUPE)0: Marriage and the family ; Medicine, psychology, religion :, 1983.